Countries by Tennis Grand Slam Wins - Statistics

General Stats
  • This quiz has been taken 1,525 times
  • The average score is 23 of 30
Answer Stats
Titles Country % Correct
144 United States
99%
40 Spain
98%
9 United Kingdom
98%
44 Australia
96%
13 Russia
95%
28 Switzerland
95%
32 Germany
94%
6 France
93%
5 Italy
92%
25 Serbia
92%
1 Canada
90%
25 Sweden
90%
4 Japan
88%
3 Brazil
86%
2 China
85%
7 Argentina
84%
5 Poland
83%
11 Belgium
81%
1 Netherlands
81%
2 Austria
79%
22 Czechia
79%
3 Croatia
73%
1 Denmark
72%
5 Romania
67%
1 South Africa
54%
5 Belarus
53%
1 Latvia
33%
9 Yugoslavia
33%
1 Kazakhstan
23%
1 Ecuador
11%
No matching quizzes found
Score Distribution
Percent of People with Each Score
Percentile by Number Answered
Your Score History
You have not taken this quiz